Coopolis [juego] /
Guardado en:
| Formato: | Objeto Físico |
|---|---|
| Publicado: |
Argentina :
Red gráfica,
[201?]
|
| Materias: | |
| Etiquetas: |
Agregar Etiqueta
Sin Etiquetas, Sea el primero en etiquetar este registro!
|
| LEADER | 00725nrm a22001575g 4500 | ||
|---|---|---|---|
| 001 | CEM.cems019235 | ||
| 008 | 130507b201?##################0###0#####d | ||
| 005 | 20220830095017.0 | ||
| 003 | CEMS | ||
| 245 | 0 | 0 | |a Coopolis [juego] / |c Factorial |
| 260 | |a Argentina : |b Red gráfica, |c [201?] | ||
| 300 | |a 1 juego (1 tablero, 1 dado, 1 peón, 1 reloj de tiempo, 9 cartas de recursos, billetes de 1, 5, 10, 20, 50) ; en caja 33 x 21 x 4 cm. + manual de instrucciones. | ||
| 500 | |a Para 3 a 6 jugadoresa partir de 7 años y adultos objetivo: fundar una cooperativa exitosa y fundar una segunda cooperativa en su comunidad. | ||
| 082 | 0 | 4 | |a J793.9 |
| 653 | |a 1.juegos de negocios y finanzas | ||
| 859 | |a CEMS |b BIB. CEMS - Ludoteca |h J793.9 |i F119 |p 443.16 |t Ej.1 | ||
